| Tag |
First Indicator |
Second Indicator |
Subfields |
| LEADER |
00000cjm a2200000ua 4500 |
| 001 |
in00001362213 |
| 005 |
20151006093829.0 |
| 007 |
sd fungnn|||ed |
| 008 |
850905t19931992enkzzn fhi N/A d |
| 024 |
1 |
|
|a 9511592012
|
| 028 |
0 |
2 |
|a CHAN 9201
|b Chandos
|
| 033 |
0 |
|
|a 19910907
|b 5754
|c S8
|
| 035 |
|
|
|a (OCoLC)30769442
|
| 035 |
|
|
|9 AHK1721AM
|
| 040 |
|
|
|a HLS
|c HLS
|d TXA
|d UtOrBLW
|
| 041 |
0 |
|
|g eng
|g fre
|g ger
|h eng
|
| 049 |
|
|
|a TXAV
|
| 090 |
|
|
|a M25.B4
|b B35 1993
|
| 100 |
1 |
|
|a Beethoven, Ludwig van,
|d 1770-1827.
|
| 240 |
1 |
0 |
|a Bagatelles,
|m piano
|
| 245 |
1 |
0 |
|a Complete bagatelles /
|c Ludwig van Beethoven.
|
| 264 |
|
1 |
|a Colchester, Essex, England :
|b Chandos Records,
|c 1993
|
| 264 |
|
4 |
|c ℗1992
|
| 300 |
|
|
|a 1 sound disc :
|b digital ;
|c 4 3/4 in.
|
| 336 |
|
|
|a performed music
|b prm
|2 rdacontent
|
| 337 |
|
|
|a audio
|b s
|2 rdamedia
|
| 338 |
|
|
|a audio disc
|b sd
|2 rdacarrier
|
| 500 |
|
|
|a Compact disc.
|
| 536 |
|
|
|a Gift from Gilbert and Thyra Plass Record Collection, 1995.
|
| 500 |
|
|
|a Title on booklet: Bagatelles complete.
|
| 518 |
|
|
|a Recorded Sept. 7, 1991 in Snape Concert Hall, Suffolk.
|
| 511 |
0 |
|
|a John Lill, piano.
|
| 505 |
0 |
|
|a Seven bagatelles, op. 33 (19:25) -- Eleven bagatelles, op. 119 (15:40) -- Six bagatelles, op. 126 (18:51) -- Bagatelle in C minor, WoO52 (3:47) -- Bagatelle in C major, WoO56 (2:11)
|
| 500 |
|
|
|a Program notes by Bryce Morrison in English with German and French translation, and biography of the performer in booklet (15 pages : port.).
|
| 500 |
|
|
|a Sound recording.
|
| 650 |
|
0 |
|a Piano music.
|
| 700 |
1 |
|
|a Lill, John,
|d 1944-
|e instrumentalist.
|
| 700 |
1 |
2 |
|a Beethoven, Ludwig van,
|d 1770-1827.
|t Bagatelles,
|m piano,
|n op. 33.
|f 1993.
|
| 700 |
1 |
2 |
|a Beethoven, Ludwig van,
|d 1770-1827.
|t Bagatelles,
|m piano,
|n op. 119.
|f 1993.
|
| 700 |
1 |
2 |
|a Beethoven, Ludwig van,
|d 1770-1827.
|t Bagatelles,
|m piano,
|n op. 126.
|f 1993.
|
| 700 |
1 |
2 |
|a Beethoven, Ludwig van,
|d 1770-1827.
|t Bagatelles,
|m piano,
|n WoO 52,
|r C minor.
|f 1993.
|
| 700 |
1 |
2 |
|a Beethoven, Ludwig van,
|d 1770-1827.
|t Bagatelles,
|m piano,
|n WoO 56,
|r C major.
|f 1993.
|
| 740 |
0 |
|
|a Bagatelles complete.
|
| 999 |
|
|
|a MARS
|
| 999 |
f |
f |
|s dfca44e6-5e47-3835-9830-9803b0290be0
|i b0ff4bc4-005a-3f43-8641-e67df8d48f85
|t 0
|
| 952 |
f |
f |
|p ric
|a Texas A&M University
|b Rellis Campus
|c Joint Library Facility
|d Remote Storage
|t 0
|e M25.B4 B35 1993
|h Library of Congress classification
|i audio -- audio disc
|m A14820933165
|
| 998 |
f |
f |
|a M25.B4 B35 1993
|t 0
|l Remote Storage
|